000 00728nam a2200217 i 4500
001 75339
003 ES-MaACL
005 20250824032254.0
007 t|
008 040923m19651967sp ||||1| spa d
245 0 3 _aLa gran enciclopedia del espectáculo.
260 _a[S.l. :
_bs.n.,
_c1965-67] (
_eBarcelona :
_fArgos Foto-Repro)
300 _a3 v. :
_bil. ;
_c35 cm.
505 8 _aT. I-II: El cine : desde Lumiere hasta el cinerama. -- T. V: Teatro, circo y music-hall
650 _aCine-
_vHistoria.
_9171029
650 0 4 _aTeatro-
_xHistoria
_917311
650 4 _aCirco-
_vHistoria.
_9163595
650 7 _aTeatro de variedades
_2embne
_9141171
852 _aES-MaACL
_jP-1082
_bR.60230
999 _c75339
_d75339